000 00303nam a2200133Ia 4500
100 _aSharp /Henry
942 _cBK
654 _aPlane
245 _aElements of plane trigonometry
260 _bPrentice Hall of India
_aNew Jersey
_c1958
082 _a516.2
_bSHA
300 _a274
546 _aENGLISH
999 _c34628
_d34628